00631 2200193 4500001002100000005001500021035002000036007000300056008003900059082000800098084001400106100001700120245012300137260009500260300004100355650001100396650001600407022001400423INLIS00000000000079920240809105946 a0010-0824000164ta240809 | | |  a635 a635 LIU e0 aLiu, Peijing1 aEffects of Liquid Seaweed Bio-organic Fertilizer on Seed Germination and Seedling Growth of Vegetables /cLiu, Peijing aUnited States, Changsha :bWu Chu (USA-China) Science and Culture Media Corporation,c2014 a1-6 hlm, :bilus, ;c21 cm X 29,5 cm 4aJurnal 4aPupuk Sayur a1009-4229